000 00461nam a2200193Ia 4500
003 OSt
005 20220331125048.0
008 210210b2018 xxu||||| |||| 00| 0 eng d
020 _a9788193958612
040 _aAL
_c
041 _aeng
082 _a657.45 BALA
100 _aBALIGA (B Vamana)
_926986
245 _aAuditing: for BCom VI sem
260 _aMangaluru
_bUnited Publishers
_c2018
300 _axvi,225
906 _a073160
942 _2ddc
_cBK
999 _c122995
_d122995